Maha Bala's advance ephemeris (Record no. 6357)

MARC details
000 -LEADER
fixed length control field 00768 a2200217 4500
005 - DATE AND TIME OF LATEST TRANSACTION
control field 2008082708098.0
008 - FIXED-LENGTH DATA ELEMENTS--GENERAL INFORMATION
fixed length control field 080827t xxu||||| |||| 00| 0 eng d
010 ## - LIBRARY OF CONGRESS CONTROL NUMBER
LC control number ENG-87295
020 ## - INTERNATIONAL STANDARD BOOK NUMBER
Terms of availability 150.00
035 ## - SYSTEM CONTROL NUMBER
System control number EN-87295
037 ## - SOURCE OF ACQUISITION
Source of stock number/acquisition DBAD / PUB
082 ## - DEWEY DECIMAL CLASSIFICATION NUMBER
Classification number 133.55
100 ## - MAIN ENTRY--PERSONAL NAME
Personal name Bala, B.
245 ## - TITLE STATEMENT
Title Maha Bala's advance ephemeris
Statement of responsibility, etc by B. Bala
250 ## - EDITION STATEMENT
Edition statement 7th ed.
260 ## - PUBLICATION, DISTRIBUTION, ETC. (IMPRINT)
Place of publication, distribution, etc Chennai
Name of publisher, distributor, etc Krishnamurti Publications
Date of publication, distribution, etc 2005
270 ## - ADDRESS
Address F21-A, First flooor, Spencer Plaza, 769, Anna Salai
300 ## - PHYSICAL DESCRIPTION
Extent various pagings
Dimensions 24 cm (pbk)
942 ## - ADDED ENTRY ELEMENTS (KOHA)
Institution code [OBSOLETE] dpl
Koha item type English Books
Call number prefix 133.55/BAL
Source of classification or shelving scheme Dewey Decimal Classification
Classification part 133.55
Call number suffix BAL
Holdings
Withdrawn status Lost status Damaged status Not for loan Home library Current library Date acquired Cost, normal purchase price Total Checkouts Full call number Barcode Date last seen Copy number Uniform Resource Identifier Cost, replacement price Price effective from Koha item type
        D.B.Act.Division D.B.Act.Division 27/08/2008 150.00   133.55 BAL EN-70828 15/09/2008 1 6846 150.00 15/09/2008 English Books

© Delhi Public Library
Hit Counter
free hit counter